| 000 | 00768nam a22001817a 4500 | ||
|---|---|---|---|
| 005 | 20260507161943.0 | ||
| 010 | _aB-778903-914 BACEN26 | ||
| 020 |
_a9789363896116 _c995.00 |
||
| 035 | _aB-778903-914 | ||
| 037 | _bKunal Books | ||
| 082 | _a306 | ||
| 245 |
_aSeventy Five Years of India Education, Society And Culture _cEdited by Nizamuddin Ahmed |
||
| 260 |
_aDelhi _bKunal Books _c2025 |
||
| 270 |
_a4648/21,1st Floor ,Ansari road Daryaganj _bDelhi _e110002 _mkunalbooks@gmail.com |
||
| 300 |
_a237 p. _c24cm(pb) |
||
| 942 |
_2ddc _cEN _mSEV _h306 |
||
| 999 |
_c215101 _d215101 |
||